00802nam a2200229 i 450000100060000000300090000600500170001500700030003200800410003502000180007608000600009410000240015424501360017825000120031426000400032630000220036649000400038860000620042883000400049085200210053085200210055129380ES-MaACL20230906154026.0t|030121s1977 sp ||||1| spa d a84-297-1315-8 a860 Juan de la Cruz. San 7. Subida del Monte Carmelo.061 aBallestero, Manuel.10aJuan de la Cruz b: de la angustia al olvido : análisis del fondo intuido en la "Subida del Monte Carmelo" / cManuel Ballestero. a1ª ed. aBarcelona : bEdiciones 62, c1977. a265 p. ; c20 cm.1 aHistoria, ciencia y soledad ; v13804aJuan de la Cruz c, Santo-xCrítica e interpretación.1 aHistoria, ciencia y soledad ; v138 aES-MaACLjA-7371 aES-MaACLjL-2677